000 00302nam a22001337a 4500
008 170623b xxu||||| |||| 00| 0 eng d
020 _a9780742516274
041 _aeng
080 _a329
100 _a21
101 _aSHP
245 _aPARTIES AND ELECTIONS IN AMERICA
_cMAISEL,L.S
942 _2udc
_cBK
999 _c19086
_d19086